000
00326nam a22001457a 4500
003
SGT
082
_a
616.07
_b
P84R
100
_a
ROBBINS, STANLEY L.
245
_a
PATHOLOGIC BASIS DISEASE
250
_a
3RD
260
_a
PHILADELPHIA
_b
W.B. SAUNDERS PUB
_c
1984
300
_a
1467
650
_a
PATHOLOGY
942
_2
ddc
_c
RARE
999
_c
22367
_d
22367